Score 0/23 Timer 03:00
0 Plays Today
Clue 4-Letter Word % Correct
USA's contains 50 stars and 13 stripesFLAG
91.3%
A potter's materialCLAY
91.2%
Aquatic mishap, 'belly ___'FLOP
88.3%
A bird's method of movementFLAP
87.3%
Action undertaken by an SNL audience memberCLAP
86.6%
Lion's threatROAR
86.6%
Princess' kissing partnerFROG
86.5%
Conspiratorial (PAUL IS DEAD) Beatles album, 'Abbey ___'ROAD
86.2%
To fly through the airSOAR
85.6%
To enlarge naturallyGROW
85%
To whip someoneFLOG
84.8%
Al Green song, 'Let's ___ Together'STAY
83.1%
Clue 4-Letter Word % Correct
To emit lightGLOW
83.1%
To strike down in retributionSLAY
82.6%
Layman's measurement of water's movementFLOW
81.6%
To cook meatSEAR
80.4%
English alcoholic drink consisting of hot rum and waterGROG
79.9%
Place where stitches meetSEAM
78.8%
Magician's term for tomfoolery, 'flim ___'FLAM
76.3%
★ Nickname of Peter Quill ___ [last rung] ★★STAR★
73.4%
Form of spoken word performance poetrySLAM
73.2%
★ Nickname of Peter Quill [first rung] ___★LORD★
70.1%
Screen that comes up as a video game initiatesLOAD
69.5%

Today's Daily Dose

Missing Word
Boxers

Quick Pick
Rise or Fall?

Get the Picture
A ‘B’ in Disney

You're not logged in!

Compare scores with friends on all Sporcle quizzes.
OR
Log In

Sporcle TV

Today on Sporcle TV


Watch our educational content, quiz creation guides, and fun videos on Sporcle TV.

Show Comments

Extras

Top Quizzes Today


Score Distribution

Paid Content

Your Account Isn't Verified!

In order to create a playlist on Sporcle, you need to verify the email address you used during registration. Go to your Sporcle Settings to finish the process.

Report this User

Report this user for behavior that violates our Community Guidelines.

Details: